Sobre la naturaleza de las revoluciones de posguerra y los estados “socialistas”: el debate sobre Cuba y sus premisas teóricas
En el libro se aborda el debate teórico en torno a la naturaleza de las revoluciones de posguerra y la construcción de estados "socialistas", centrado en el caso de Cuba. El autor, Roberto Ramírez, explora las premisas teóricas que han influido en la interpretación y comprensión de la Revo...
Uloženo v:
| Hlavní autor: | |
|---|---|
| Médium: | Kniha |
| Jazyk: | Spanish |
| Témata: | |
| On-line přístup: | texto completo desde el sitio de la revista |
| Tagy: |
Přidat tag
Žádné tagy, Buďte první, kdo vytvoří štítek k tomuto záznamu!
|
MARC
| LEADER | 00000nam a22000007a 4500 | ||
|---|---|---|---|
| 003 | cru CIDCACS/IIS | ||
| 005 | 20230902204357.0 | ||
| 008 | 200305s2008 ag |||||r|||||0|| ||spa|d | ||
| 040 | |c cru CIDCACS/IIS | ||
| 100 | 1 | |9 9124 |a Ramírez, Roberto | |
| 245 | |a Sobre la naturaleza de las revoluciones de posguerra y los estados “socialistas”: |b el debate sobre Cuba y sus premisas teóricas |c Roberto Ramírez | ||
| 300 | |a páginas 221-239 | ||
| 520 | |a En el libro se aborda el debate teórico en torno a la naturaleza de las revoluciones de posguerra y la construcción de estados "socialistas", centrado en el caso de Cuba. El autor, Roberto Ramírez, explora las premisas teóricas que han influido en la interpretación y comprensión de la Revolución Cubana y su modelo político y económico. A través de un análisis crítico y detallado, se examinan las perspectivas divergentes sobre si el régimen cubano puede ser considerado como un estado "socialista" y cuál ha sido su impacto en la política internacional y las relaciones de poder. El libro ofrece una visión panorámica de las diferentes posturas teóricas y argumentos que han surgido en el contexto de este debate, destacando la complejidad y las implicaciones históricas de las revoluciones y los proyectos de transformación política en el periodo de posguerra. RAR 01/2023 | ||
| 650 | 0 | |2 OCDE |9 137 |a REVOLUCION | |
| 650 | 0 | |2 OCDE |9 2097 |a SOCIALISMO | |
| 650 | 4 | |2 OCDE |9 2655 |a POLITICA ECONOMICA | |
| 650 | 4 | |2 OCDE |9 2646 |a RELACIONES INTERNACIONALES | |
| 650 | 0 | |2 OCDE |9 4431 |a CAMBIO POLITICO | |
| 650 | 0 | |2 OCDE |9 3369 |a POLITICAS DE DESARROLLO | |
| 650 | 0 | |2 UNESCO |9 4970 |a TEORIA POLITICA | |
| 650 | 0 | |2 UNESCO |9 143 |a ECONOMIA | |
| 651 | 4 | |2 OCDE |9 1846 |a CUBA | |
| 773 | 0 | |0 42297 |9 3106 |d Argentina: Grupo Socialismo o Barbarie, noviembre 2008 |o 18451 |t Socialismo o Barbarie: | |
| 856 | |u http://socialismo-o-barbarie.org/revista_22/081228_cuba_sobrev22_219.pdf |y texto completo desde el sitio de la revista | ||
| 942 | |2 ddc |c LI | ||
| 999 | |c 42982 |d 42982 | ||
